Statistics for Easy Thanksgiving Quiz

Click here to take the quiz!

General Stats

  • This quiz has been taken 363 times
    (361 since last reset)
  • The average score is 9 of 15

Answer Stats

HintAnswer% Correct
Popular Thanksgiving PiesPumpkin Pie/ Sweet Potato Pie
88%
Day after Thanksgiving (Don't go to the mall!)Black Friday
87%
Popular Thanksgiving birdTurkey
87%
Name of the ship the Pilgrims sailed inMayflower
86%
Sport that's watched after dinnerFootball
85%
On Thanksgiving, we should all be ______ for our blessingsThankful
81%
Location of the first ThanksgivingPlymouth, Massachusetts
78%
Where the Pilgrims lived before they came to the "New World"England then Holland
73%
Native American who helped the Pilgrims surviveSquanto
56%
This president set aside the last the last Thursday of November for the celebration of Thanksgiving.Abraham Lincoln
55%
Year of the first Thanksgiving1621
42%
How many survived the first winter at Plymouth?>half
29%
Name of the parade held in NYCMacy's Day Parade
29%
How many Pilgrims sailed over?110
12%
Native American tribe who helped the Pilgrims cultivate the landWampanoag
11%

Score Distribution

Percentile by Number Answered

Percent of People with Each Score

Your Score History

You have not taken this quiz since the last reset